| 000 | 00600nam a2200181Ia 4500 | ||
|---|---|---|---|
| 003 | IN-BaIIA | ||
| 008 | 211028s9999 xx 000 0 eng d | ||
| 040 | _cIIA Library | ||
| 080 |
_a94 _bHIS-6.2 |
||
| 100 |
_aWare, Caroline F _911697 |
||
| 245 | 4 |
_aThe twentieth century _bpt. 2- 4, introduction, the development and application of scientific knowledge _cCaroline F Ware |
|
| 260 |
_aLondon _bGeorge Allen & Unwin _c1966 |
||
| 300 | _axii, 1387p. | ||
| 650 |
_aHistory _97064 |
||
| 650 | _aModern history | ||
| 650 |
_aOthers thesaurus _9637 |
||
| 942 | _cBK | ||
| 999 |
_c6823 _d6823 |
||